International convention on the Control of Harmful Anti- fouling Systems on Ships / (Record no. 10)

000 -LEADER
fixed length control field 00584nam a2200169Ia 4500
008 - FIXED-LENGTH DATA ELEMENTS--GENERAL INFORMATION
fixed length control field 190719s9999||||xx |||||||||||||| ||und||
020 ## - INTERNATIONAL STANDARD BOOK NUMBER
International Standard Book Number 9789280141955
Terms of availability £ 12.00
040 ## - CATALOGING SOURCE
Original cataloging agency IMU Kochi
082 04 - DEWEY DECIMAL CLASSIFICATION NUMBER
Classification number 363.73946
Item number In821
110 ## - MAIN ENTRY--CORPORATE NAME
Corporate name or jurisdiction name as entry element International Maritime Organization
245 #0 - TITLE STATEMENT
Title International convention on the Control of Harmful Anti- fouling Systems on Ships /
Statement of responsibility, etc. International Maritime Organization
250 ## - EDITION STATEMENT
Edition statement 2nd ed.
260 ## - PUBLICATION, DISTRIBUTION, ETC.
Place of publication, distribution, etc. London :
Name of publisher, distributor, etc. International Maritime Organization ,
Date of publication, distribution, etc. 2005
300 ## - PHYSICAL DESCRIPTION
Extent vi, 69 p.
Dimensions ; 24 cm.
650 ## - SUBJECT ADDED ENTRY--TOPICAL TERM
Topical term or geographic name entry element Paint, Antifouling.
942 ## - ADDED ENTRY ELEMENTS (KOHA)
Source of classification or shelving scheme
Koha item type Books
Holdings
Withdrawn status Lost status Damaged status Not for loan Collection code Permanent Location Current Location Shelving location Date acquired Source of acquisition Cost, normal purchase price Full call number Barcode Date last seen Price effective from Koha item type Public note Total Checkouts Date last checked out Source of classification or shelving scheme
        IMO Collection IMU Kochi Library IMU Kochi Library Reference 2017-05-31 Sterling Book House 1020.80 363.73946 In821 BK002921 2019-07-19 2019-07-19 Books Shelf-3, Row-2      
        IMO Collection IMU Kochi Library IMU Kochi Library Reference 2017-05-31 Sterling Book House 1020.80 363.73946 In821 BK002922 2025-01-23 2019-07-19 Books Shelf-3, Row-2 3 2025-01-23  
        IMO Collection IMU Kochi Library IMU Kochi Library Reference 2012-06-29 M/s Sterling Book House (Inv. No. 861 Dt. 2012-08-13) 1098.00 363.73946 In821 BK000409 2019-12-27 2019-12-27 Books Shelf-3, Row-2      


Copyright © All Rights Reserved by Indian Maritime University, Kochi Campus.
For any Suggestions/Query Contact to library or Email: library.kochi@imu.ac.in Ph:(0484)-2989402
(Web OPAC Designed by Rudra Ranjan. Maintained by IMU Kochi Library)

Powered by Koha